| 000 | 00914nam a2200289 i 4500 | ||
|---|---|---|---|
| 001 | 11430 | ||
| 003 | ES-MaACL | ||
| 005 | 20230906150111.0 | ||
| 007 | t| | ||
| 008 | 921002s1992 sp |||| | spa j | ||
| 020 | _a84-7100-363-5 | ||
| 080 | _a981.513 R.J | ||
| 080 | _a711.4(815.13)"19" | ||
| 100 | 1 |
_aCardoso, Ciro Flamarión S. _935197 |
|
| 245 | 1 | 0 |
_aRío de Janeiro / _cCiro Flamarión Cardoso y Paulo Henrique Araujo. |
| 260 |
_aMadrid : _bMAPFRE, _c[1992] |
||
| 300 |
_a351 p. : _bil. ; _c23 cm. |
||
| 490 | 1 |
_aCiudades de Iberoamérica ; _v1 |
|
| 500 | _aÍndices. | ||
| 504 | _aBibliografía: p. [281]-284. | ||
| 650 | 4 |
_aUrbanismo- _zRío de Janeiro (Brasil) _9169012 |
|
| 651 | 4 |
_aRío de Janeiro (Brasil)- _xHistoria. _9169013 |
|
| 700 | 1 |
_aAraujo, Paulo Henrique. _922361 |
|
| 830 | 0 |
_aCiudades de Iberoamérica ; _v1 _9179073 |
|
| 852 |
_aES-MaACL _jL-18755 |
||
| 999 |
_c11430 _d11430 |
||